Memoria del Ministro del Interior presentada al Congreso Nacional en 1883
Furkejuvvon:
| Materiálatiipa: | Girji |
|---|---|
| Giella: | espánnjágiella |
| Almmustuhtton: |
Santiago
Imprenta Nacional
1883
|
| Preanttus: | 1a. ed |
| Fáttát: | |
| Fáddágilkorat: |
Lasit fáddágilkoriid
Eai fáddágilkorat, Lasit vuosttaš fáddágilkora!
|
MARC
| LEADER | 00000cam a2200000 a 4500 | ||
|---|---|---|---|
| 001 | UCE4721 | ||
| 003 | CL-VaPUC | ||
| 008 | 141107e18830000cl |||||||||||||||||spa|d | ||
| 082 | 0 | 4 | |a 351.05 |b MEM |2 21 |
| 245 | 1 | 0 | |a Memoria del Ministro del Interior presentada al Congreso Nacional en 1883 |
| 250 | |a 1a. ed | ||
| 300 | |a 216 p | ||
| 942 | |c BK | ||
| 945 | |d 20141107 12:15:00 |a arojas | ||
| 260 | |a Santiago |b Imprenta Nacional |c 1883 | ||
| 600 | 0 | 7 | |a MINISTERIO DEL INTERIOR |2 CL-VaPUC |9 383891 |
| 600 | 0 | 7 | |a CONGRESO NACIONAL |2 CL-VaPUC |9 396553 |
| 650 | 7 | |a MEMORIAS MINISTERIALES |2 CL-VaPUC |9 396559 | |
| 650 | 0 | |a Historia de Chile |9 322385 | |
| 650 | 0 | |a Fuentes Históricas |9 265141 | |
| 650 | 0 | |a Balances |9 356958 | |
| 650 | 7 | |a CORRESPONDENCIA DIPLOMATICA |2 CL-VaPUC |9 504471 | |
| 583 | |a last modification |c 20141107 12:15:00 |k Rodrigo Vera | ||
| 999 | |c 357601 |d 357599 | ||
| 952 | |0 0 |1 0 |3 erd |4 0 |6 351_050000000000000_MEM_1883 |7 0 |8 X |9 465627 |a FDOBUD |b FDOBUD |i 5123666 |o 351.05 MEM 1883 |p 5123666 |r 2019-11-23 |w 2019-11-23 |y BK_X |z Catalogado en:20141107 |k BUD | ||